Normal view
MARC view
Entry Término temático
001 - NÚMERO DE CONTROL
- campo de control: 12349
003 - IDENTIFICADOR DEL NÚMERO DE CONTROL
- campo de control: OSt
005 - FECHA Y HORA DE LA ÚLTIMA TRANSACCIÓN
- campo de control: 20200615032358.0
008 - DATOS DE LONGITUD FIJA
- campo de control de longitud fija: 200615|| aca||aabn | a|a d
040 ## - FUENTE DE LA CATALOGACIÓN
- Centro catalogador/agencia de origen: OSt
- Centro/agencia transcriptor: OSt
150 ## - ENCABEZAMIENTO--TÉRMINO DE MATERIA
- Término de materia o nombre geográfico como elemento de entrada: REFUGIADOS POLÍTICOS
- Subdivisión geográfica: PUERTO RICO
- Subdivisión general: HISTORIA
- Subdivisión geográfica: SIGLO XX
670 ## - FUENTE DE DATOS ENCONTRADOS
- Cita de la fuente: Work cat.: (OSt)3999: Herrera Mora, Myrna 12344, Mujeres dominicanas, 1930-1961 :, 2008.
